MDQL
is popping MORE tags! Check the
thread
!
Quizzes
Events
Quiz Creation
Community
Videos
Private Events
Remove Ads
Sign In
Join for FREE
Feedback
Dark Mode
Quiz Categories
Sports
Geography
Music
Movies
Television
Just For Fun
Miscellaneous
History
Literature
Language
Science
Gaming
Entertainment
Religion
Holiday
For Kids
Quiz Lab
Recent
Popular Today
Quiz Kudos Today
Editor Picks
Curator Picks
Quizzes by...
Day
Popularity
Type
Ratings
Length
Year
Community
Subscriptions
Recent Discussions
Orange Saloon
Badges
Playlists
Quests
Create
Leaderboards
Showdown
Live 5
Trivia Bingo
Activity
Puzzle Library
Sporcle Events
Private Events
Virtual Trivia
Globe League
Become a Host
Pub Owners
SporcleCon
Opinionation
Our Games
Videos
Blog
Mobile Apps
Partnerships
Remove Ads and Go Orange
Feedback
Television
TV Characters
TV Show
Sitcom
Network
Friends
Reality Shows
Cast
South Park
Star Trek
The Simpsons
Doctor Who
Television
TV Characters
TV Show
Sitcom
Network
Friends
Reality Shows
Cast
South Park
Star Trek
The Simpsons
Doctor Who
Random Quiz
Search Sporcle
×
Quiz Lab
Quiz Lab
Television
Anime
Type in answers that appear in a list
Type in answers that appear in a list
Classic
Best Score? Go Orange.
Code Geass characters(anime) Stats
Can you name the Code Geass characters?
By
lelouch_lulu
10m
51 Questions
2,212 Plays
2,212 Plays
2,212 Plays
Comments
Comments
Give Quiz Kudos
Give Quiz Kudos
-
- Ratings
hide this ad
Replay
Link that replays current quiz
Next Quiz
Link to next quiz in quiz playlist
You Got
0%
They Got
Avg Score
44%
Avg Friend Score
Upgrade to see
Score Distribution
Jump to the score distribution portion of the page
Score
0/51
Timer
10:00
0
Plays Today
Group
Name
% Correct
Black Knights
Lelouch Lamperouge
98.6%
Black Knights
C.C.
94.1%
Black Knights
Kururugi Suzaku
91%
Black Knights
Kousuki Kallen
86.8%
Britannia
Charles Zi Britannia
79.7%
Britannia
Euphemia Li Britannia
73.3%
Britannia
V.V.
70%
Britannia
Cornelia Li Britannia
68.5%
Ashford
Nina Einstein
68.4%
Ashford
Shirley Fenette
68.2%
Black Knights
Rolo Lamperouge
67.7%
Britannia
Nunnally Lamperouge
66.8%
Ashford
Milly Ashford
65.4%
Britannia
Jeremiah Gottwald
64.8%
Britannia
Schneizel el Britannia
62.6%
Camelot
Lloyd Asplund
57.5%
Ashford
Rivalz Cardemonde
57.3%
Ashford
Arthur
56.9%
Black Knights
Ohgi Kaname
56.6%
Britannia
Clovis la Britannia
55.6%
Knights of Round
Anya Alstreim
53.9%
Black Knights
Rakshata Chawla
52.9%
Black Knights
Diethard Ried
49.6%
Britannia
Villetta Nu
48.2%
Knights of Round
Gino Weinberg
48.1%
Unknown
Mao
45.6%
Group
Name
% Correct
Kyoto
Sumeragi Kaguya
43.5%
Black Knights
Tamaki Shinichiro
42.5%
Ashford
Shinozaki Sayoko
41.2%
Camelot
Cecile Croomy
38.5%
Chinese Federation
Li Xingke
36.4%
Knights of Round
Bismarck Waldstein
36.3%
Glaston Knights
Gilbert G.P. Guilford
33.6%
Britannia
Kanon Maldini
25.8%
Chinese Federation
Empress Tianzi
25.2%
Britannia
Marianne vi Britannia
21.1%
Knights of Round
Luciano Bradley
20.3%
Glaston Knights
Andreas Darlton
19.9%
Four Holy Swords
Chiba Nagisa
19.5%
Four Holy Swords
Asahina Shogo
19.4%
Euro Universe
Hyuga Akito
18.8%
Four Holy Swords
Urabe Kousetsu
17.6%
Knights of Round
Monica Kruszewski
17.3%
Four Holy Swords
Tohdoh Kyoshirou
15.8%
Four Holy Swords
Senba Ryoga
13.4%
Kyoto
Kirihara Taizo
13.4%
Knights of Round
Dorothea Ernst
12.3%
Euro Universe
Anna Kreman
7.8%
Britannia
Alicia Lohmeyer
7.6%
Euro Universe
Layla Malkal
5.4%
Euro Universe
Ayano Kosaka
5.3%
Quiz Playlist
Details
Report
Send in Message
Add To Playlist
Classic:
Type in answers that appear in a list
Last Updated: Dec 12, 2018
Quiz Scoreboard
CHALLENGE
Sign Up to Join the Scoreboard
Show All
Scores
Hide
Comments
May contain spoilers
Recently Published
Colored Red Africa Blitz
by spor1
Geography
30s
Find the 'City' Movie
by crazypaving
Movies
60s
5x2 Blitz: Bands
by SL_Kpop136
Music
30s
More to Explore
Quiz From the Vault
Featured Blog Post
14 Easter Pick-up Lines to Find Eggs With
hide this ad
You Might Also Like...
Tags
Anime Quiz
Another
Character
code
Code Geass
group
Today's Top Quizzes in Television
Browse Television
hide this ad
Today's Top Quizzes in Anime
Browse Anime
Top Contributed Quizzes in Television
1
Survivor Journey Challenge
2
Survivor Logic Puzzle: Heroes vs. Villains
3
One Tree Hill Logic Puzzle
4
Phoebe Buffay Quotes
5
Game of Thrones: Tywin Lannister Start to Finish
6
Brooklyn Nine Nine Logic Puzzle (How-To-Play)
7
A Series of Unfortunate Events: Netflix Character Chain
8
All US Survivor Seasons in Order
9
Survivor: Criteria Castaways
10
A Series of Unfortunate Events: S3 Character Chain
Explore More
Trending Topics
Marvel
Crossword
Disney
Harry Potter
Kpop
NBA
Anime
NFL
Soccer
Puzzle
WWE
The Office
Country
Song
Pokémon
hide this ad
More By:
lelouch_lulu
Quiz
Plays
Rating
Category
Featured
Created
Code Geass characters(anime)
2,212
3.40
Television
Jun 4, 2012
Anime characters
915
3.33
Television
Jun 5, 2012
Anime by songs
232
1.57
Just For Fun
Jun 18, 2012
Go to Creator's Profile
Score Distribution
Quiz Creator Spotlight
lelouch_lulu
Follow
Send a Message
Quizzes Created
-
Created Quiz Play Count
-
More By This Creator
Popular Quizzes Today
1
5x2 Blitz: Bands
2
Find the 'City' Movie
3
Colored Red Africa Blitz
4
Find the US States - No Outlines Minefield
5
The Countries of the World
6
Find the US States
7
9x9 Crossword: Cartoon Network
8
US States
More Television Quizzes
Which Is My TV Sibling?
Published
Trending Quizzes
Colored Red Africa Blitz II
Colored Red Europe Blitz I
Christmas Pick: Judaism
Colored Red Africa Blitz III
Colored Red Europe Blitz II
Recently Updated
Champions League XIs: Real Madrid
pecheneg
Largest US Cities 1790-2010
pecheneg
Rides in Walt Disney World
pecheneg
Most Oscar Losses (Acting)
pecheneg
Beyoncé Albums
pecheneg
Leaping Animals
pecheneg
Reality TV Shows (A-Z)
bhenderson79
Rickey Henderson's Hall of Fame Teammates
pecheneg
Champions League XIs: Arsenal
pecheneg
Quick Pick: Celebrities in WWE's Hall of Fame
aduchscher
Trending Topics
Crossword
Harry Potter
Anime
Kpop
Marvel
Disney
NBA
Country
Song
Pokémon
NFL
Soccer
The Office
Puzzle
WWE
Your Account Isn't Verified!
In order to create a playlist on Sporcle, you need to verify the email address you used during registration. Go to your
Sporcle Settings
to finish the process.
Report this User
Report this user for behavior that violates our
Community Guidelines
.
Details:
Send Report
Go to the Sporcle.com Mobile Site →
Comments